Statistiques concernant Les français buteurs coupe du monde 1998

Cliquez ici pour prendre le quiz!

Statistiques générales

  • Ce quiz a été pris 143 fois
  • Le résultat moyen est 7 sur 9

Statistiques - réponses

ButsJoueurs% Correct
2Zinedine Zidane
100%
2Emmanuel Petit
96%
3Thierry Henry
92%
2Lilian Thuram
87%
1Laurent Blanc
85%
1David Trezeguet
75%
1Bixente Lizarazu
67%
1Christophe Dugarry
62%
1Youri Djorkaeff
53%

Distribution des résultats

Percentile par nombre de réponses

% des personnes avec chaque résultat

Votre développement - résultats

Vous n’avez pas pris ce quiz